Provinicias por las dos primeras letras - Estadísticas

Estadísticas generales
  • Esta prueba ha sido intentada 362 veces
  • La puntuación promedio es 32 de 50
Estadísticas de respuestas
Provincia % Correcto
Cáceres
95%
Cádiz
95%
Cantabria
95%
Castellón
95%
Badajoz
94%
Barcelona
94%
Álava
89%
Albacete
89%
Alicante
89%
Almería
89%
Madrid
89%
Málaga
89%
Valencia
75%
Valladolid
75%
Segovia
71%
Sevilla
71%
Pontevedra
70%
Lugo
68%
Córdoba
67%
Huelva
67%
Huesca
67%
Salamanca
65%
Santa Cruz de Tenerife
65%
Guadalajara
64%
Guipúzcoa
64%
La Rioja
64%
Asturias
63%
Las Palmas
63%
León
63%
Tarragona
63%
Zamora
63%
Zaragoza
63%
Girona
61%
Murcia
57%
Palencia
55%
Vizcaya
54%
Granada
52%
Teruel
50%
Jaén
49%
A Coruña
47%
Burgos
44%
Lleida
43%
Soria
41%
Ciudad Real
40%
Cuenca
40%
Navarra
39%
Ourense
39%
Toledo
39%
Ávila
37%
Islas Baleares
23%
No se encontraron pruebas coincidentes
Distribución de puntuación
Porcentaje de gente con cada puntuación
Porcentaje por número respondido
Historial de tus puntuaciones
No has intentado esta prueba.